000 00771nam a22001937a 4500
005 20180104161420.0
010 _a1718EN-30
020 _c500.00
_a9788192047591
035 _aB-682838-839
037 _bAakar Books
_adpl
082 _a488
100 _aTickoo, Asha
245 _aSecond language learning in a foreign language environment :
_cby Asha Tickoo
_ba pragma-discoursal accoun /
260 _aBanglore
_bTerra Firma
_c2016
270 _a201 Manasa, 4313th Cross Road, Malleshwaram,
_bBanglore
_e560003
300 _a255p.
_c21cm(pbk)
942 _2ddc
_cEN
_mTIC
_h488
999 _c145940
_d145940